| 000 | 00704cam a22002531 4500 | ||
|---|---|---|---|
| 001 | sa 64001550 | ||
| 003 | DLC | ||
| 005 | 20260227112003.0 | ||
| 008 | 810922s1962 ii a s f000 0 eng | ||
| 010 | _asa 64001550 | ||
| 025 | _aPL480:I-E-2475 | ||
| 035 | _a(OCoLC)7783729 | ||
| 040 |
_aDLC _cMnSU _dDLC |
||
| 042 | _apremarc | ||
| 043 | _aa-ii--- | ||
| 050 | 0 | 0 |
_aHD2071 _b.A57 1962 |
| 110 | 1 |
_aIndia. _bDirectorate of Economics and Statistics. |
|
| 245 | 1 | 0 | _aGuide to current agricultural statistics. |
| 250 | _aRev. ed. | ||
| 260 |
_a[Delhi, _bManager of Publications, _c1962] |
||
| 300 |
_a147 p. _btables. _c24 cm. |
||
| 500 | _aCover title. | ||
| 650 | 0 |
_aAgriculture _zIndia _vStatistics. |
|
| 999 |
_c56798 _d56798 |
||